| 000 | 00830nam a2200241 i 4500 | ||
|---|---|---|---|
| 001 | 28619 | ||
| 003 | ES-MaACL | ||
| 005 | 20250724100827.0 | ||
| 007 | t| | ||
| 008 | 030117s1945 sp ||||1| spa d | ||
| 080 | _a58 | ||
| 100 | 1 |
_aBalguerías Quesada, Eduardo. _924935 |
|
| 245 | 1 | 0 |
_aComentarios a unos artículos de botánica / _cpor Eduardo Balguerías Quesada. |
| 250 | _a1ª ed. | ||
| 260 |
_aJaén : _b[s.n.], _c1945 ( _fImp. Provincial) |
||
| 300 |
_a104 p. ; _c22 cm. |
||
| 505 | 8 | _aContiene: Recolección científica de las plantas ; Normas generales para el cultivo y estudio biológico de los micromicetos ; Jardines botánicos | |
| 650 | 7 |
_aPlantas _2embne _9146656 |
|
| 650 | 4 |
_aMicrohongos. _9176334 |
|
| 650 | 4 |
_aJardines botánicos. _9153920 |
|
| 852 | 4 |
_aES-MaACL _j1853-F-16 |
|
| 999 |
_c28619 _d28619 |
||